00597nam a2200193Ia 4500003000900000008004100009020001800050040001600068080002300084100001900107245010800126260004200234300001400276490002700290650004100317650001800358650001200376650001500388IN-BaIIA211028s9999 xx 000 0 eng d a90-277-2538-1 cIIA Library a082.2:52bIAU-S125 aHelfand, D. J. 4aThe origin and evolution of neutron starscD. J. Helfand  aDordrechtbD. Reidel Publishingc1987 axx, 572p. aIAU Symposium; no. 125 aAstronomy and Astrophysics thesaurus aNeutron stars aPulsars aSupernovae